| 000 | 00743nam a2200217 u 4500 | ||
|---|---|---|---|
| 003 | AM-YeHGA | ||
| 040 | _aAM-YeHGA | ||
| 090 | _c191875 | ||
| 001 | 000512111 | ||
| 005 | 20250618072732.0 | ||
| 008 | 061201s1930 ai r 000 0 arm d | ||
| 041 | 0 | _aarm | |
| 100 | 1 | _aԴոնդարյան, Ս. | |
| 245 | 1 | 0 |
_aԱռաջին ոգնությունը անասուններին յեվ թռչուններին / _cՍ. Դոնդարյան; ՀՍԽՀ հողժողկոմատ. |
| 260 |
_aՅերեվան : _bՊետհրատ, _c1930. |
||
| 300 |
_a16 էջ ; _c18 սմ. |
||
| 440 | 0 |
_aԳյուղացու գրադարան _vN 69 _95233 |
|
| 650 | 1 | 4 |
_aԱնասնաբուծություն _95219 |
| 710 | 2 | _aՀՍԽՀ հողժողկոմատ | |
| 942 |
_2udc _cBK |
||
| 999 |
_c190407 _d190407 |
||